| 000 | 01173nam a2200313Ia 4500 | ||
|---|---|---|---|
| 001 | Para_8814 | ||
| 003 | CHAP | ||
| 008 | 220125s2003 xx 000 0 und d | ||
| 010 | _a207577 | ||
| 040 | _cCHAP | ||
| 090 | _aPA TESIS 1777 | ||
| 100 |
_aZavaleta Cruz, Cristian César _9123821 |
||
| 245 |
_aControl de calidad de Anagyrus pseudococci (Girault) (Hymenóptera : _bEncyrtidae) en el control del piojo harinoso de la vid Planococcus ficus (Signoret) (Homóptera : _bPseudococcidae) en Chapingo, México / _c por Cristian César Zavaleta Cruz |
||
| 260 |
_aChapingo, Méx. : _b el autor |
||
| 300 | _a82 h. | ||
| 502 | _aTesis (Ing. Agr. Esp. en Parasitología Agrícola) -- UACh. Departamento Parasitología Agrícola | ||
| 650 |
_aAnagyrus pseudococci _9174135 |
||
| 650 |
_aControl biológico de plagas _927587 |
||
| 650 |
_aPlanococcus ficus _9174136 |
||
| 650 |
_aVid _x plagas _9119131 |
||
| 710 |
_aUACh. Departamento Parasitología Agrícola _9164025 |
||
| 901 | _aPA TESIS 1777 | ||
| 902 | _aA | ||
| 905 | _a0000002003 dn 0000000000 00 | ||
| 910 | _a2003 | ||
| 942 | _cPARA | ||
| 942 |
_cPARA _d1 |
||
| 999 |
_c207577 _d207577 |
||